[Event "BRA-ch 90th"]
[Site "Natal"]
[Date "2024.12.16"]
[Round "6"]
[White "Pinto, Gabriel Cunha"]
[Black "Da Silva, Laercio Lopes"]
[Result "0-1"]
[WhiteElo "1525"]
[BlackElo "1698"]
[PlyCount "68"]
[EventDate "2024.12.13"]
[EventType "swiss"]
[EventRounds "11"]
[EventCountry "BRA"]
[SourceTitle "CB52_2024"]
[SourceDate "2024.12.25"]
[SourceVersion "1"]
[SourceVersionDate "2024.12.25"]
[SourceQuality "1"]

1. e4 c5 2. Nf3 d6 3. d4 cxd4 4. Nxd4 Nf6 5. Nc3 g6 6. Bb5+ Bd7 7. Bxd7+ Qxd7 8. 0-0 Bg7 9. Re1 Nc6 10. Qd3 0-0 11. Be3 e6 12. Rad1 Rfd8 13. Nxc6 bxc6 14. Bg5 h6 15. Bxf6 Bxf6 16. e5 Be7 17. exd6 Qxd6 18. Qxd6 Rxd6 19. Rxd6 Bxd6 20. Ne4 Be7 21. Rd1 f5 22. Nd6 Rd8 23. Kf1 Rxd6 24. Rxd6 Bxd6 25. g3 Kf7 26. Ke2 Kf6 27. Ke3 Bc5+ 28. Ke2 Ke5 29. f3 g5 30. Kd3 a5 31. Kc4 Bf8 32. h3 h5 33. g4 fxg4 34. fxg4 h4 0-1

[Event "BRA-ch 90th"]
[Site "Natal"]
[Date "2024.12.15"]
[Round "4"]
[White "Pinto, Gabriel Cunha"]
[Black "Moreira da Silva, Jairo"]
[Result "0-1"]
[WhiteElo "1525"]
[BlackElo "1814"]
[PlyCount "112"]
[EventDate "2024.12.13"]
[EventType "swiss"]
[EventRounds "11"]
[EventCountry "BRA"]
[SourceTitle "CB52_2024"]
[SourceDate "2024.12.25"]
[SourceVersion "1"]
[SourceVersionDate "2024.12.25"]
[SourceQuality "1"]

1. e4 c5 2. Nf3 d6 3. d4 cxd4 4. Nxd4 Nf6 5. Nc3 a6 6. Bg5 e5 7. Nf3 Be6 8. Be2 Be7 9. 0-0 0-0 10. Re1 Nbd7 11. Bd2 Qc7 12. h3 b5 13. Nd5 Nxd5 14. exd5 f6 15. dxe6 Nc5 16. Be3 Nxe6 17. Qd2 d5 18. Qc3 Qxc3 19. bxc3 e4 20. Bf1 exf3 21. Bd2 Kf7 22. gxf3 d4 23. c4 b4 24. c5 Bxc5 25. Bc4 Rfe8 26. f4 g6 27. Re2 Ra7 28. Bc1 a5 29. a3 Rb7 30. Rb1 Rb6 31. axb4 f5 32. Bb2 Rxb4 33. Bd5 a4 34. c3 dxc3 35. Rxe6 Rxe6 36. Bxe6+ Kxe6 37. Re1+ Kd5 38. Re5+ Kc6 39. Bxc3 Rxf4 40. Re2 Rf3 41. Ba1 Rxh3 42. Rc2 Kb5 43. Kg2 Rh4 44. Kg3 Rh1 45. Bc3 a3 46. Kg2 Rb1 47. Ra2 Ka4 48. Ra1 Rxa1 49. Bxa1 Kb3 50. f3 Kc4 51. Kg3 Bd4 52. Kf4 Bxa1 53. Kg5 Bg7 54. f4 a2 55. Kh4 Bf6+ 56. Kg3 a1Q 0-1